Comprobación de rendimiento lácteo durante los años 1946 a 1949 : Correlación entre el peso vivo y la productividad / por José Ferrer Palaus y José Valle Arribas Correlación entre el peso vivo y la productividad / por José Ferrer Palaus y José Valle Arribas

por Ferrer Palaus, José

Publicado: Barcelona : [Instituto de Biología Aplicada] , 1951
Descripción Física: p. 141 a 167, 4 f. pleg. ; 24 cm
Otros Autores: Valle Arribas, José

MARC

LEADER 00000nam a2200000Ia 4500
001 8868
003 BGR
005 20260410113642.0
008 160829s1951 xx 000 0 cat d
080 |a FU-9-46 
100 |a Ferrer Palaus, José  |9 30671 
245 |a Comprobación de rendimiento lácteo durante los años 1946 a 1949 :  |b  Correlación entre el peso vivo y la productividad / por José Ferrer Palaus y José Valle Arribas 
260 |a Barcelona :  |b [Instituto de Biología Aplicada],  |c 1951 
300 |a p. 141 a 167, 4 f. pleg. ;  |c 24 cm 
590 |a Separata de 'Publicaciones del Instituto de Biología Aplicada' ; tomo VIII, publicada a l'octubre de 1951 
650 |a Llet  |x Mesurament   |9 35107 
650 |a Indústria lletera  |9 26796 
700 |a Valle Arribas, José   |9 35108 
710 2 |a Instituto de Biología Aplicada   |9 71165 
856 4 |u https://media.diba.cat/diba/fitxers/arxiu/fulletons/bib_8868_baixa.pdf  |y Accés lliure 
856 4 |u https://media.diba.cat/diba/fitxers/arxiu/fulletons/bib_8868_baixa.pdf  |y Accés lliure 
900 |a bib_8868_baixa.pdf 
901 |a Arxiu 
942 |n 1  |2 udc  |c MON 
952 |0 0  |1 0  |4 0  |6 FU946  |7 1  |9 46766  |a Arxiu  |b Arxiu  |d 2016-12-01  |l 0  |o FU-9-46  |p 8868  |r 2016-12-01 00:00:00  |w 2016-12-01  |y ARXIU 
999 |c 50559  |d 50559